Normal view
MARC view
- Mazhar Education and Welfare Society (India)
Entry Corporate Name
001 - CONTROL NUMBER
- control field: 1196
003 - CONTROL NUMBER IDENTIFIER
- control field: OSt
005 - DATE AND TIME OF LATEST TRANSACTION
- control field: 20251006113222.0
008 - FIXED-LENGTH DATA ELEMENTS
- fixed length control field: 251006|| aca||aabn | a|a d
040 ## - CATALOGING SOURCE
- Original cataloging agency: OSt
- Transcribing agency: OSt
110 ## - HEADING--CORPORATE NAME
- Corporate name or jurisdiction name as entry element: Mazhar Education and Welfare Society (India)
670 ## - SOURCE DATA FOUND
- Source citation: Work cat.: (OSt)8561: Islam, education and science /